000 00221nam a22000857a 4500
008 170620b xxu||||| |||| 00| 0 eng d
100 _93558
_a Prabhat. K. A
245 _aMultimedia system design
260 _aNew delhi
_bPHI
_c1986
999 _c6943
_d6943